| 000 | 00454nam a22001697a 4500 | ||
|---|---|---|---|
| 003 | CEME | ||
| 005 | 20210628203915.0 | ||
| 008 | 210308b xxu||||| |||| 00| 0 eng d | ||
| 040 | _c. | ||
| 082 | _a954.6 ASI'K | ||
| 100 |
_aBrig Asif Haroon _967801 |
||
| 245 | _aKashmir battles of 1948 1956 1971 and on going fredom struggle | ||
| 260 |
_aRAWALPINDI _bTAKHLEEQAT _c1995 |
||
| 300 | _aIX,334P | ||
| 650 |
_aKASHMIR BATTLES. _967802 |
||
| 942 |
_cBK _2ddc |
||
| 999 |
_c575507 _d575507 |
||